000 00597nam a22002057a 4500
003 OSt
005 20220107122744.0
008 140523b xxu||||| |||| 00| 0 eng d
020 _a9788126532537
040 _cIIITM-K
082 _a005.133C# STU/P
100 _aSturm, Oliver
_94997
245 _aProfessional functional programming in C#:
_bClassic programming techniques for modern projects
_cby Oliver Sturm
260 _aNew Delhi,
_bWiley,
_c2011.
300 _axvii, 270p.
650 _2COMPUTER SCIENCE
650 _2COMPUTER PROGRAMMING
650 _2C# PROGRAMMING
942 _2ddc
_cBK
999 _c4107
_d4107